000 01104cab a2200217 4500
001 ##L134466
008 060808n2006 000 0 eng u
035 _a(Sirsi) u134466
041 0 _aeng
100 1 _aHancock, Stephen
245 0 0 _aLook at how you manage your money
260 _c2006
490 0 _aEstates Gazette
_v(0631) 5 August 2006, 82-84(3)
520 _aDiscusses the revisions to accounting guidance, the Statement Of Recommended Practice (SORP), that will affect the transition of companies to Limited Liability Partnerships (LLPs). The revisions have implications on members' capital, profit allocations, and members' retirement benefits. Advises on how to alter business practices relating to the way that capital, distibutions and taxation are addressed in LLP's constitutions, to comply with the new SORP. (See also L134470).
590 _aIKA220806
650 2 4 _aCCAB STATEMENT OF RECOMMENDED PRACTICE
651 4 _aGREAT BRITAIN
690 _aMANAGEMENT-BUSINESS MANAGEMENT-FINANCIAL MANAGEMENT-ACCOUNTING-FINANCIAL REPORTING
700 1 _aCearns, Kathryn
942 _n0
999 _c77533
_d77533